000 00995nam a2200241 a 4500
008 120416s1997 ||||||||||||||||| || u
020 _a0521576091
050 _aQK 830 Hic
100 _aKing, Clive
245 1 0 _aCommon families of flowering plants
260 _aCambridge
_bCambridge University Press
_c1997
260 _aCambridge
_bC U P
_c1997
300 _axii, 212 p. : ill.
350 _a0.00
650 _aPLANTS
650 _aPlants--Classification
650 _aTEXTBOOKS
700 _aHickey, Michael
856 _uhttp://www.loc.gov/catdir/description/cam028/96047928.html
856 _uhttp://www.loc.gov/catdir/toc/cam025/96047928.html
995 _aMAIN LIBRARY OPEN ACCESS
_D0.00
_e729968
_FCBU-MAIN LIBRARY (Kitwe)
_H1
_I0.00
_jQK 830 Hic
_M1
_UAVAILABLE
_y023972
_ZMain Library Open Access Collection
995 _aMAIN LIBRARY OPEN ACCESS
_D0.00
_e731877
_FCBU-MAIN LIBRARY (Kitwe)
_H1
_I0.00
_jQK 830 HIC
_M2
_UAVAILABLE
_WApr 25, 2006
_y029165
_ZMain Library Open Access Collection
999 _c79514
_d79514